000 00424nam a2200181Ia 4500
001 1273
005 20260306140620.0
008 260306t2019||||xx |||||||||||||| ||spa||
041 _aESP
082 _a190
_bS21
100 _aSanguineti, Juan José,
_eAUT
245 0 _aCuerpo, mente y ser personal
260 _c2019
300 _a207 páginas :
_c20 cm.
650 _aGEN
654 _aCHU
942 _cLIB
_dJUS
_fJUS
_2ddc
_n
999 _c1273
_d1273